| 000 | 01030 a2200241 4500 | ||
|---|---|---|---|
| 001 | 23966 | ||
| 005 | 20260407155525.0 | ||
| 008 | 260407a1982 arg spa d | ||
| 003 | AR-UNSa-BCEJYS | ||
| 040 |
_aAR-UNSa-BCEJYS _bspa _cAR-UNSa-BCEJYS |
||
| 080 |
_a658.15 _xAdministración financiera privada. Gestión financiera de empresas |
||
| 245 | 1 | 0 | _aFundamentos de administración financiera |
| 020 | _a968-25-0941-6 | ||
| 250 | _a5a. ed | ||
| 264 | 1 |
_aMéxico : _bNueva Editorial Interamericana _c1982 |
|
| 300 |
_axiv, 648 p. _c25 cm. |
||
| 505 | _a1. El ambiente de la administración finaciera - 2. Análisis financiero, laneación y control - 3. Administración del capital de trabajo - 4. Decisiones de inversión - 5. Valuación de la empresa y costo del capital - 6. Financiamiento a largo plazo - 7. Temas selectos de la administración financiera. | ||
| 942 | _cBK | ||
| 590 | _aniveau_biblio:m niveau_hierar:0 | ||
| 100 | 1 | _aWeston, J. Ferd | |
| 700 | 1 | _aBrigham, Eugene F. | |
| 700 | 1 | _aGómez Mont, Jaime | |
| 999 |
_c1148 _d1148 |
||